| 000 | 00910nam a22002057a 4500 | ||
|---|---|---|---|
| 999 |
_c2940 _d2940 |
||
| 003 | AR-CdUCM | ||
| 008 | 190305b ||||| |||| 00| 0 spa d | ||
| 040 |
_aMUNICIPALIDAD PROVINCIAL DEL CUSCO _cBIBLIOTECA MUNICIPAL DEL CUSCO |
||
| 082 |
_a338.74 / _bT47 |
||
| 100 |
_aThijsen, Theo _910081 |
||
| 245 | _aPequeñas Empresas en Comunidades Campesinas / | ||
| 260 |
_aCusco : _bAndina S.R.L , _c1991. |
||
| 300 |
_a124 páginas ; _c20.2 cm. |
||
| 505 | _aContenido: Contexto Socioeconomico y Politico para una industrializacion del departamento del Cusco -- El Proderm y su concepcion sobre el rol de la pequeña industria en el desarrollo rural integral -- Caracteristicas Socioeconomicas y tecnicas de las pequeñas empresas (PE's) creadas... | ||
| 650 |
_aSocioeconomia Cusqueña _910082 |
||
| 650 |
_aPRODERM _910083 |
||
| 650 |
_aLa Industrializacion rural _910084 |
||
| 942 |
_2ddc _cLIBROS |
||
| 945 | _artm | ||